Fatty acid saturation index in liver diseases / (رقم التسجيلة. 179193)

تفاصيل مارك
000 -LEADER
fixed length control field 01503namaa2200349 i 4500
005 - أخر تعامل مع التسجيلة
control field 20260405123302.0
008 - FIXED-LENGTH DATA ELEMENTS--GENERAL INFORMATION
fixed length control field 260405s1994 ua ado|frm||| 00| 0 eng d
040 ## - CATALOGING SOURCE
Original cataloguing agency EG-GICUC
Language of cataloging eng
Transcribing agency EG-GICUC
Modifying agency EG-GICUC
Description conventions rda
041 0# - LANGUAGE CODE
Language code of text/sound track or separate title eng
Language code of summary or abstract eng
-- ara
049 ## - Acquisition Source
Acquisition Source Deposit
097 ## - Degree
Degree Ph.D
099 ## - LOCAL FREE-TEXT CALL NUMBER (OCLC)
Local Call Number Cai01.11.03.Ph.D.1994.Om.F
100 0# - MAIN ENTRY--PERSONAL NAME
Authority record control number or standard number Omayma Aly El-Kholy
Preparation preparation.
245 10 - TITLE STATEMENT
Title Fatty acid saturation index in liver diseases /
Remainder of title
Statement of responsibility, etc. By Omayma Aly El-Kholy ; Supervised By Prof. Dr. Mohamed T. Abdel-Aziz, Prof. Dr. Yassin Abdel-Ghaffar, Prof. Dr. Mayssa K. Salama.
246 15 - VARYING FORM OF TITLE
Title proper/short title مؤثر تشبع الأحماض الدهنية فى امراض الكبد
264 #0 - PRODUCTION, PUBLICATION, DISTRIBUTION, MANUFACTURE, AND COPYRIGHT NOTICE
Date of production, publication, distribution, manufacture, or copyright notice 1994.
300 ## - PHYSICAL DESCRIPTION
Extent 101 pages :
Other physical details illustrations ;
Dimensions 30 cm. +
336 ## - CONTENT TYPE
Source rda content
Content type term text
337 ## - MEDIA TYPE
Source rdamedia
Media type term Unmediated
338 ## - CARRIER TYPE
Source rdacarrier
Carrier type term volume
502 ## - DISSERTATION NOTE
Dissertation note Thesis (Ph.D)-Cairo University, 1994.
504 ## - BIBLIOGRAPHY, ETC. NOTE
Bibliography, etc. note Bibliography: pages 80-101
653 #0 - INDEX TERM--UNCONTROLLED
Uncontrolled term liver diseases
653 #0 - INDEX TERM--UNCONTROLLED
Uncontrolled term biochemistry
653 #0 - INDEX TERM--UNCONTROLLED
Uncontrolled term Fatty acid saturation
700 0# - ADDED ENTRY--PERSONAL NAME
Personal name Prof. Dr. Mohamed T. Abdel-Aziz.
Relator term thesis advisor.
700 0# - ADDED ENTRY--PERSONAL NAME
Personal name Prof. Dr. Yassin Abdel-Ghaffar
Relator term thesis advisor.
700 0# - ADDED ENTRY--PERSONAL NAME
Personal name Prof. Dr. Mayssa K. Salama.
Relator term thesis advisor.
900 ## - Thesis Information
Department Department of biochemistry
Faculties Faculty of medicine
Universities Cairo University
Grant date 1994
Supervisory body Prof. Dr. Mohamed T. Abdel-Aziz.
-- Prof. Dr. Yassin Abdel-Ghaffar
-- Prof. Dr. Mayssa K. Salama.
Discussion body Prof. Dr. Mohamed T. Abdel-Aziz.
905 ## - Cataloger and Reviser Names
Cataloger Name Nermeen_Ahmed
942 ## - ADDED ENTRY ELEMENTS (KOHA)
Source of classification or shelving scheme Dewey Decimal Classification
Koha item type Thesis
Edition 21
Suppress in OPAC No
المقتنيات
Source of classification or shelving scheme Home library Current library Date acquired Inventory number Full call number Barcode Date last seen Effective from Koha item type
Dewey Decimal Classification المكتبة المركزبة الجديدة - جامعة القاهرة مكتبة المئوية 05.04.2026 25233 Cai01.11.03.Ph.D.1994.Om.F 01010110025233000 05.04.2026 05.04.2026 Thesis
Cairo University Libraries Portal Implemented & Customized by: Eng. M. Mohamady Contacts: new-lib@cl.cu.edu.eg | cnul@cl.cu.edu.eg
CUCL logo CNUL logo
© All rights reserved — Cairo University Libraries
CUCL logo
Implemented & Customized by: Eng. M. Mohamady Contact: new-lib@cl.cu.edu.eg © All rights reserved — New Central Library
CNUL logo
Implemented & Customized by: Eng. M. Mohamady Contact: cnul@cl.cu.edu.eg © All rights reserved — Cairo National University Library